Les jours et les mois en Esperanto - Statistiques

Statistiques générales
  • Ce quiz a été pris 5 fois
  • Le résultat moyen est 19 sur 22
Statistiques - réponses
FRANCAIS ESPERANTO % Correct
décembre decembro
100%
février februaro
100%
janvier januaro
100%
juillet julio
100%
juin junio
100%
lundi lundo
100%
mai majo
100%
mardi mardo
100%
mercredi merkredo
100%
novembre novembro
100%
octobre oktobro
100%
septembre septembro
100%
jour tago
100%
vendredi vendredo
100%
avril aprilo
80%
an jaro
80%
mars marto
80%
samedi sabato
80%
mois monato
60%
août auxgusto
40%
dimanche dimancxo
40%
jeudi jxauxdo
0%
Aucun quiz correspondant
Distribution des résultats
% des personnes avec chaque résultat
Percentile par nombre de réponses
Votre historique - résultats
Vous n’avez pas pris ce quiz